000 00292 a2200121 4500
000 nam a22 7a 4500
005 20260220045531.0
020 _a9789349159419
100 _aYatish Kumar
_91116326
245 _aBorsi Bhar Aanch
260 _bRadhakrishna Prakashan
_c2025
942 _cTEXL
999 _c1679991
_d1679991